000 00469nam a22001697a 4500
003 BD-ChCU
005 20260115111542.0
008 260115b bg ||||| |||| 00| 0 ben d
040 _cBD-ChCU
082 _a181.4 SUI
100 _aSurendranath Dasgupta .
_919298
245 _aIndian idealism ./
_cDasgupta Surendranath .
260 _aCambridge :
_bUniv. press ,
_cC 1962
300 _axxiii , 206p .
650 0 _aPhilosophy - India .
_919299
942 _2ddc
_cBK
_n0
999 _c111075
_d111075